When they read what we write : the politics of ethnography
Αποθηκεύτηκε σε:
| Άλλοι συγγραφείς: | |
|---|---|
| Μορφή: | Βιβλίο |
| Γλώσσα: | English |
| Δημοσίευση: |
Westport :
Bergin and Garvey,
1996
|
| Θέματα: | |
| Ετικέτες: |
Προσθήκη ετικέτας
Δεν υπάρχουν, Καταχωρήστε ετικέτα πρώτοι!
|
MARC
| LEADER | 00000cam a2200000 i 4500 | ||
|---|---|---|---|
| 001 | 1/89784 | ||
| 008 | 990915s1993 eng d | ||
| 020 | |a 0-89789-492-8 | ||
| 035 | |l 10052881 | ||
| 040 | |a GR-MY-UA |b gre |e aacr | ||
| 041 | 0 | |a eng | |
| 082 | 0 | |a 305.8 | |
| 245 | 1 | 0 | |a When they read what we write : |b the politics of ethnography / |c Edited by Caroline B. Brettell |
| 260 | |a Westport : |b Bergin and Garvey, |c 1996 | ||
| 300 | |a 200 p. | ||
| 504 | |a Includes bibliographical references and index | ||
| 650 | 0 | 0 | |a Ethnology |x Authorship. |
| 650 | 0 | 0 | |a Ethnology |x Fieldwork. |
| 650 | 0 | 0 | |a Ethnology |x Philosophy. |
| 700 | 1 | |a Brettell, Caroline. |4 edt | |
| 852 | |a INST |b LESVOS |e 19990915 |h 305.8 WHE |p 005100015810 |q 005100015810 |t BK |y 0 | ||
| 901 | |a BIBL1-1999-3 | ||
| 909 | |a Λ |b 067103 | ||
| 970 | |z 1999/09/15 |a ΚΑΜΑΤΣΟΥ |b ΔΕΣΠΟΙΝΑ | ||